000 00616cam a22002053a 4500
001 45594
003 PGUSA
005 20140828084044.0
008 140505s2014||||xxu|||||s|||||000 | eng d
040 _aPGUSA
_beng
042 _adc
100 1 _aPascoli, Giovanni
245 1 0 _aSotto il velame :
_bSaggio di un'interpretazione generale del poema sacro
_h[electronic resource] /
_cGiovanni Pascoli
260 _bProject Gutenberg,
_c2014
506 _aPublic domain in the USA.
516 _aElectronic text
830 0 _aProject Gutenberg
_v45594
856 4 0 _uhttp://www.gutenberg.org/ebooks/45594
942 _cEB
999 _c274845
_d274845